000 00573nam a22002177a 4500
003 UA-OsUOA
001 33267
007 ta
008 20050210b un ||||| |||| 00| 0 ukr d
090 _a94(477).07
_bО-95
942 _cBK
040 _aUA-OsUOA
_brus
_cUA-OsUOA
_dUA-OsUOA
245 _aОчерки развития социально-классовой структуры УССР
_b1917-1937
300 _a238 с.
955 _a0
041 _arus
080 _a94(477).07
260 _aКиев
_bНаукова думка
_c1987
044 _aUA
650 7 _2UDC
999 _c319729
_d319729